[Event "SVK-chT2C 2223"]
[Site "Slovakia"]
[Date "2022.10.09"]
[Round "2.3"]
[White "Repcek, Michal"]
[Black "Luptak, Pavol"]
[Result "0-1"]
[WhiteElo "1803"]
[BlackElo "1888"]
[PlyCount "154"]
[EventDate "2022.10.08"]
[EventType "team-tourn"]
[EventRounds "11"]
[EventCountry "SVK"]
[SourceTitle "CBM 210 Extra"]
[Source "ChessBase"]
[SourceDate "2022.11.30"]
[SourceVersion "1"]
[SourceVersionDate "2022.11.30"]
[SourceQuality "1"]
[WhiteTeam "Ondrasova Krivan"]
[BlackTeam "Banska Bystrica Kurta"]
[WhiteTeamCountry "SVK"]
[BlackTeamCountry "SVK"]

1. e4 e5 2. Nf3 Nc6 3. d4 exd4 4. Nxd4 d6 5. Nxc6 bxc6 6. b3 Qf6 7. c3 d5 8. Qf3 Bb7 9. Bd3 0-0-0 10. Qg4+ Kb8 11. Bg5 Qg6 12. e5 Qxd3 13. Bxd8 Ba6 14. Qf3 Qc2 15. Nd2 Nh6 16. Bg5 Ba3 17. Bxh6 gxh6 18. c4 Re8 19. Qd1 Rxe5+ 20. Kf1 Qd3+ 21. Kg1 Re2 22. Nf3 Qxd1+ 23. Rxd1 Rxa2 24. cxd5 Bc5 25. h3 Rxf2 26. Nd4 Rf4 27. Kh2 Bxd4 28. dxc6 Bb5 29. Rhe1 Bxc6 30. Kg3 Rf2 31. Rxd4 Rxg2+ 32. Kf4 Rf2+ 33. Ke5 Rf3 34. Rb4+ Kc8 35. h4 a5 36. Rf4 Rxb3 37. Rxf7 Rb4 38. Rf4 Rb3 39. Rc1 Rb5+ 40. Kf6 Be8 41. Kg7 Bg6 42. Kxh6 Rb4 43. Rf8+ Kb7 44. h5 Rh4 45. Rc5 Kb6 46. Rg5 a4 47. Rf6+ c6 48. Rfxg6 hxg6 49. Kxg6 a3 50. Rg3 Ra4 51. Rg1 a2 52. Ra1 Rg4+ 53. Kf5 Rg2 54. h6 Kb5 55. h7 Rh2 56. Rxa2 Rxh7 57. Rb2+ Kc4 58. Rc2+ Kd5 59. Rd2+ Kc5 60. Rc2+ Kb6 61. Rb2+ Kc7 62. Ke6 Rh5 63. Rd2 Rc5 64. Rd7+ Kb6 65. Rd2 Rc4 66. Kd6 c5 67. Rb2+ Rb4 68. Rc2 Rd4+ 69. Ke5 Kb5 70. Rb2+ Rb4 71. Rc2 Rb3 72. Kd5 Rd3+ 73. Ke4 c4 74. Rb2+ Rb3 75. Rc2 Kb4 76. Rc1 Rb2 77. Ke3 Kb3 0-1

[Event "SVK-chT2C 2122"]
[Site "Slovakia"]
[Date "2022.05.01"]
[Round "11.6"]
[White "Luptak, Pavol"]
[Black "Repcek, Michal"]
[Result "1-0"]
[WhiteElo "1869"]
[BlackElo "1813"]
[PlyCount "95"]
[EventDate "2021.10.16"]
[EventType "team-tourn"]
[EventRounds "11"]
[EventCountry "SVK"]
[SourceTitle "EXT 2023"]
[Source "ChessBase"]
[SourceDate "2022.10.05"]
[SourceVersion "1"]
[SourceVersionDate "2022.10.05"]
[SourceQuality "1"]
[WhiteTeam "Banska Bystrica Kurta"]
[BlackTeam "Ondrasova Krivan"]
[WhiteTeamCountry "SVK"]
[BlackTeamCountry "SVK"]

1. e4 e6 2. d4 d5 3. Nc3 dxe4 4. Nxe4 Nf6 5. Bd3 Be7 6. Nf3 c6 7. 0-0 b6 8. c4 Bb7 9. Re1 Qc7 10. Bg5 Nbd7 11. Qd2 h6 12. Bf4 Nxe4 13. Bxe4 Bd6 14. Ne5 Nxe5 15. dxe5 Be7 16. Rad1 c5 17. Bc2 Bc6 18. Qe3 Bd7 19. a4 0-0-0 20. a5 b5 21. cxb5 Bxb5 22. Qc3 Rxd1 23. Rxd1 Rd8 24. h3 Rxd1+ 25. Bxd1 a6 26. Be3 Kb8 27. Bh5 g6 28. Bf3 g5 29. h4 gxh4 30. Bxh6 Qd8 31. Be3 Qd3 32. Qc1 c4 33. Bb6 h3 34. Qh6 Bd8 35. Qh8 Kc8 36. gxh3 Qg6+ 37. Kh2 Qg5 38. Qxd8+ Qxd8 39. Bxd8 Kxd8 40. Kg3 Ke7 41. Kf4 f6 42. h4 Kf7 43. h5 Kg7 44. h6+ Kg6 45. h7 fxe5+ 46. Kxe5 Kxh7 47. Kxe6 Kg6 48. Bd5 1-0

[Event "SVK-chT2C 1718"]
[Site "Slovakia"]
[Date "2018.03.17"]
[Round "10.2"]
[White "Macko, Michal"]
[Black "Luptak, Pavol"]
[Result "1-0"]
[WhiteElo "2181"]
[BlackElo "1923"]
[PlyCount "193"]
[EventDate "2017.10.28"]
[EventType "team-tourn"]
[EventRounds "11"]
[EventCountry "SVK"]
[SourceTitle "EXT 2020"]
[Source "ChessBase"]
[SourceDate "2019.10.17"]
[SourceVersion "1"]
[SourceVersionDate "2019.10.17"]
[SourceQuality "1"]
[WhiteTeam "Liptov Chess School III"]
[BlackTeam "Banska Bystrica Kurta"]
[WhiteTeamCountry "SVK"]
[BlackTeamCountry "SVK"]

1. e4 e5 2. Nf3 Nc6 3. Bc4 Nf6 4. d3 Be7 5. 0-0 0-0 6. Re1 d6 7. a4 Na5 8. Ba2 c5 9. c3 Qc7 10. Nbd2 Rd8 11. Nf1 c4 12. dxc4 Nxc4 13. Qe2 Nb6 14. a5 Nbd7 15. Bg5 Nc5 16. Bxf6 Bxf6 17. Ne3 Be6 18. Nd5 Bxd5 19. Bxd5 Ne6 20. g3 Rab8 21. Nd2 Bg5 22. Nc4 Qe7 23. Na3 Nc7 24. Red1 Nxd5 25. Rxd5 Qe6 26. Rad1 Rbc8 27. Nb5 Be7 28. Nxa7 Rc5 29. Nb5 Rxd5 30. Rxd5 f5 31. Na3 Rf8 32. Nc4 f4 33. f3 g5 34. g4 h5 35. h3 hxg4 36. hxg4 Kg7 37. Qd2 Rf6 38. Qg2 Qc8 39. Nd2 Rh6 40. Kf2 Qh8 41. Nf1 Rh1 42. Ke2 Rh6 43. Kd1 Qc8 44. Qe2 Rh1 45. Kc2 Kf6 46. Nd2 Qa8 47. Qb5 Rh2 48. Kb3 Qc8 49. Nc4 Qc6 50. Nxd6 Qxb5+ 51. Nxb5 Rf2 52. Rd3 Bc5 53. Nd6 Be3 54. Nc4 Rxf3 55. Rd6+ Ke7 56. Nxe5 Rg3 57. Rd5 f3 58. Nd3 Rxg4 59. Rb5 Rxe4 60. Rxb7+ Kd6 61. Rf7 g4 62. a6 g3 63. a7 Re8 64. Rxf3 g2 65. Rxe3 g1Q 66. Rxe8 Qxa7 67. Re4 Qb7+ 68. Rb4 Qd5+ 69. Kc2 Qg2+ 70. Kd1 Qf3+ 71. Kc2 Qg2+ 72. Kb1 Qf1+ 73. Ka2 Qf7+ 74. b3 Qa7+ 75. Kb2 Qe3 76. Rd4+ Kc7 77. Nb4 Qe2+ 78. Nc2 Kb7 79. b4 Qe6 80. Rh4 Qf6 81. Rh5 Qg6 82. Rb5+ Kc7 83. Rc5+ Kb7 84. Nd4 Qg2+ 85. Ka3 Qd2 86. Rc6 Qc1+ 87. Ka4 Qa1+ 88. Kb5 Qf1+ 89. c4 Qe1 90. Ne6 Qe5+ 91. Nc5+ Ka7 92. Ra6+ Kb8 93. Re6 Qg5 94. Rd6 Qf5 95. Kb6 Qc8 96. Rd7 Qh8 97. Ne6 1-0

[Event "SVK-chT2C 1314"]
[Site "Slovakia"]
[Date "2014.02.01"]
[Round "7.5"]
[White "Luptak, Pavol"]
[Black "Kekely, Lubos"]
[Result "0-1"]
[WhiteElo "2051"]
[BlackElo "2098"]
[PlyCount "76"]
[EventDate "2013.10.19"]
[EventType "team-tourn"]
[EventRounds "11"]
[EventCountry "SVK"]
[SourceTitle "EXT 2015"]
[Source "ChessBase"]
[SourceDate "2014.11.20"]
[SourceVersion "1"]
[SourceVersionDate "2014.11.20"]
[SourceQuality "1"]
[WhiteTeam "Banska Bystrica Kurta"]
[BlackTeam "Zilina DMS"]
[WhiteTeamCountry "SVK"]
[BlackTeamCountry "SVK"]

1. e4 e5 2. Nf3 Nc6 3. Bb5 a6 4. Ba4 Nf6 5. 0-0 Nxe4 6. Re1 Nc5 7. Nxe5 Nxe5 8. Rxe5+ Be7 9. Nc3 0-0 10. d4 Nxa4 11. Nxa4 d6 12. Re1 Bf6 13. Bf4 b5 14. Nc3 Bb7 15. Qd2 Qd7 16. Re3 Qf5 17. Ne2 Rfe8 18. Re1 Rxe3 19. fxe3 Re8 20. Ng3 Qd5 21. e4 Qxd4+ 22. Be3 Qxd2 23. Bxd2 Bxb2 24. Ba5 Bd4+ 25. Kf1 c5 26. Nf5 Be5 27. Bc7 Re6 28. c4 h5 29. g3 g6 30. Nh4 Rf6+ 31. Kg2 bxc4 32. Nf3 Bb2 33. Ba5 c3 34. Re2 Bc6 35. Ne1 Re6 36. Kf2 Bxe4 37. Re3 c2 38. Rxe4 c1Q 0-1

[Event "SVK-chT2C 10/11"]
[Site "Slovakia"]
[Date "2011.03.05"]
[Round "8.1"]
[White "Kukucka, Matej"]
[Black "Luptak, Pavol"]
[Result "1/2-1/2"]
[WhiteElo "1929"]
[BlackElo "2057"]
[PlyCount "131"]
[EventDate "2010.10.23"]
[EventType "team-tourn"]
[EventRounds "11"]
[EventCountry "SVK"]
[SourceTitle "EXT 2019"]
[Source "ChessBase"]
[SourceDate "2018.10.10"]
[SourceVersion "1"]
[SourceVersionDate "2018.10.10"]
[SourceQuality "1"]
[WhiteTeam "Zilina Mladost II"]
[BlackTeam "Banska Bystrica Kurta"]
[WhiteTeamCountry "SVK"]
[BlackTeamCountry "SVK"]

1. e4 e5 2. Nf3 Nc6 3. Bc4 Nf6 4. Ng5 d5 5. exd5 Na5 6. d3 Nxd5 7. Qf3 Be6 8. Nxe6 fxe6 9. Qh5+ Kd7 10. Qxe5 Nxc4 11. dxc4 Nb4 12. Qe4 Bc5 13. 0-0 Qf6 14. c3 Nc6 15. Be3 Bd6 16. c5 Qe5 17. Qxe5 Bxe5 18. Nd2 Rad8 19. Ne4 h6 20. Rad1+ Kc8 21. b4 Rd5 22. f4 Bf6 23. Rxd5 exd5 24. Nxf6 gxf6 25. b5 Ne7 26. Bd4 Rf8 27. f5 h5 28. h3 Kd7 29. g4 hxg4 30. hxg4 Ng8 31. Kg2 Re8 32. Kf3 Re7 33. Rh1 Rg7 34. Rh5 Kd8 35. g5 Rxg5 36. Rxg5 fxg5 37. Kg4 Nh6+ 38. Kxg5 Nf7+ 39. Kg6 Ke7 40. a3 c6 41. a4 a6 42. bxa6 bxa6 43. Bg7 Ke8 44. Kf6 Nd8 45. Ke5 Nb7 46. Kf6 Nxc5 47. Kg6 Ne4 48. Be5 Nc5 49. f6 Ne6 50. Bd6 Kd7 51. Ba3 c5 52. Bc1 d4 53. cxd4 cxd4 54. f7 Kc6 55. Kf6 Kd5 56. Ke7 d3 57. f8Q Nxf8 58. Kxf8 Kc4 59. a5 Kc3 60. Ke7 d2 61. Bxd2+ Kxd2 62. Kd6 Kd3 63. Kc5 Ke4 64. Kb6 Kd5 65. Kxa6 Kc6 66. Ka7 1/2-1/2

[Event "SVK-chT2C 0910"]
[Site "Slovakia"]
[Date "2010.02.28"]
[Round "11.2"]
[White "Luptak, Pavol"]
[Black "Straka, Jozef1111"]
[Result "1/2-1/2"]
[WhiteElo "2086"]
[BlackElo "2221"]
[PlyCount "142"]
[EventDate "2009.10.10"]
[EventType "team-tourn"]
[EventRounds "11"]
[EventCountry "SVK"]
[SourceTitle "EXT 2011"]
[Source "ChessBase"]
[SourceDate "2010.11.26"]
[SourceVersion "1"]
[SourceVersionDate "2010.11.26"]
[SourceQuality "1"]
[WhiteTeam "Banska Bystrica Kurta"]
[BlackTeam "Cadca II"]
[WhiteTeamCountry "SVK"]
[BlackTeamCountry "SVK"]

1. e4 c5 2. Nf3 d6 3. d4 cxd4 4. Nxd4 Nf6 5. Nc3 Nc6 6. Be2 e5 7. Ndb5 a6 8. Na3 b5 9. Nd5 Nxd5 10. exd5 Nb8 11. c4 bxc4 12. Nxc4 Be7 13. Be3 Nd7 14. 0-0 0-0 15. b4 f5 16. f4 exf4 17. Bxf4 Nb6 18. Na5 Bf6 19. Rc1 Nd7 20. Be3 Ne5 21. Nc6 Qe8 22. Qd2 Bd7 23. Nd4 g6 24. h3 Rf7 25. Rc7 Rc8 26. Rfc1 Rxc7 27. Rxc7 Qa8 28. Nf3 Bb5 29. Rxf7 Kxf7 30. Nxe5+ Bxe5 31. Bf3 Qc8 32. Bd4 Qe8 33. Bf2 Bg7 34. Bg3 Qe7 35. Bf4 Be5 36. Bg5 Qc7 37. Qf2 Kg7 38. h4 h6 39. Bd2 Qc4 40. Kh1 Qd3 41. Qe1 Qc4 42. Qf2 Bd4 43. Qe1 Bf6 44. g3 Qd3 45. Kg2 g5 46. hxg5 hxg5 47. Qe3 Qxe3 48. Bxe3 Bc4 49. Kf2 Bxa2 50. Be2 Bc3 51. Bxg5 Bxb4 52. Bxa6 Bxd5 53. Ke3 Kg6 54. Be7 Be6 55. Bd3 Kf7 56. Bg5 Bc3 57. Bd8 Be5 58. Kf2 d5 59. Bb6 d4 60. Bd8 Ke8 61. Bb6 Kd7 62. Bb5+ Kd6 63. Ke2 Bd5 64. Bd3 Be6 65. Bb5 Kd5 66. Kd3 Bxg3 67. Bc4+ Kd6 68. Bxe6 Kxe6 69. Bxd4 Kd5 70. Ba7 Bd6 71. Be3 f4 1/2-1/2

[Event "SVK-chT2C 0910"]
[Site "Slovakia"]
[Date "2010.02.07"]
[Round "9.2"]
[White "Druska, Juraj"]
[Black "Luptak, Pavol"]
[Result "1-0"]
[WhiteElo "2125"]
[BlackElo "2086"]
[PlyCount "113"]
[EventDate "2009.10.10"]
[EventType "team-tourn"]
[EventRounds "11"]
[EventCountry "SVK"]
[SourceTitle "EXT 2011"]
[Source "ChessBase"]
[SourceDate "2010.11.26"]
[SourceVersion "1"]
[SourceVersionDate "2010.11.26"]
[SourceQuality "1"]
[WhiteTeam "Liptov Chess School II"]
[BlackTeam "Banska Bystrica Kurta"]
[WhiteTeamCountry "SVK"]
[BlackTeamCountry "SVK"]

1. e4 e5 2. Nf3 Nc6 3. Bb5 a6 4. Ba4 Nf6 5. 0-0 Be7 6. Qe2 b5 7. Bb3 d6 8. c3 Na5 9. Bc2 c5 10. Rd1 Qc7 11. d3 0-0 12. Nbd2 Re8 13. Nf1 Bd7 14. Bg5 h6 15. Bh4 Nh7 16. Bg3 Bf6 17. Ne3 Be6 18. d4 Nc4 19. dxe5 Bxe5 20. Nxe5 dxe5 21. Bb3 Nxe3 22. Qxe3 c4 23. Bc2 Nf6 24. f3 Nh5 25. Bf2 Nf4 26. Qc5 Qxc5 27. Bxc5 Red8 28. Bb6 Rxd1+ 29. Rxd1 Rc8 30. Ba5 Rc6 31. Rd8+ Kh7 32. Kf2 g5 33. g3 Nh3+ 34. Ke3 Kg7 35. Bb4 Rc8 36. Rd2 h5 37. a4 Kf6 38. Rd6 Ra8 39. Rb6 h4 40. axb5 axb5 41. Rxb5 Rd8 42. Ra5 Nf2 43. gxh4 gxh4 44. Kxf2 Rd2+ 45. Ke3 Rxc2 46. Bd6 Rxb2 47. Bxe5+ Kg6 48. f4 f5 49. Ra6 Kf7 50. exf5 Bc8 51. Rh6 Rxh2 52. Rh7+ Ke8 53. Rh8+ Kd7 54. f6 Rh3+ 55. Kf2 Rh2+ 56. Kg1 Ra2 57. f7 1-0

[Event "SVK-chT2C 0910"]
[Site "Slovakia"]
[Date "2010.01.10"]
[Round "7.2"]
[White "Csolto, Tibor"]
[Black "Luptak, Pavol"]
[Result "1/2-1/2"]
[WhiteElo "2138"]
[BlackElo "2086"]
[PlyCount "110"]
[EventDate "2009.10.10"]
[EventType "team-tourn"]
[EventRounds "11"]
[EventCountry "SVK"]
[SourceTitle "EXT 2011"]
[Source "ChessBase"]
[SourceDate "2010.11.26"]
[SourceVersion "1"]
[SourceVersionDate "2010.11.26"]
[SourceQuality "1"]
[WhiteTeam "Jelsava"]
[BlackTeam "Banska Bystrica Kurta"]
[WhiteTeamCountry "SVK"]
[BlackTeamCountry "SVK"]

1. e4 e5 2. Nf3 Nc6 3. Bb5 a6 4. Ba4 Nf6 5. 0-0 Be7 6. Re1 b5 7. Bb3 d6 8. c3 0-0 9. h3 Na5 10. Bc2 c5 11. d4 Qc7 12. Nbd2 cxd4 13. cxd4 Bb7 14. Nf1 Rfe8 15. Ng3 Rac8 16. Re2 Nc6 17. Be3 Nb4 18. Bb1 a5 19. a3 Na6 20. Qb3 exd4 21. Bxd4 Nc5 22. Bxc5 Qxc5 23. Rc2 Qb6 24. Ng5 d5 25. Rxc8 Rxc8 26. e5 Nd7 27. Bxh7+ Kh8 28. Bf5 Bxg5 29. Bxd7 Rc5 30. Qf3 Kg8 31. e6 fxe6 32. Qg4 d4 33. b4 Re5 34. Rd1 axb4 35. axb4 Qd6 36. Rxd4 Bd5 37. f4 Qxd7 38. fxe5 Be3+ 39. Kh2 Bxd4 40. Qxd4 Qc6 41. Nh5 Qc7 42. Nf4 Bc4 43. Qd6 Qc8 44. h4 Qe8 45. h5 Kh7 46. Ng6 Kh6 47. g4 Qa8 48. Qd2+ Kh7 49. Qc2 Qb8 50. Qf2 Qd8 51. Kh3 Qd3+ 52. Kh4 Qe4 53. Qf8 Qe1+ 54. Kg5 Qe3+ 55. Kh4 Qe1+ 1/2-1/2